[Event "Benidorm - Aficionados sub-2300 2014"]
[Site "Benidorm ESP"]
[Date "2014.12.01"]
[Round "4.66"]
[White "Cucarella Montell, Angels"]
[Black "Rodriguez Yagüe, Fermin"]
[Result "1-0"]
[WhiteElo "1954"]
[BlackElo "1716"]
[PlyCount "61"]
[EventDate "2014.11.28"]
[EventType "swiss"]
[EventRounds "10"]
[EventCountry "ESP"]
[SourceTitle "Ajedrez en Madrid"]
[Source "lmi"]
[SourceDate "2014.11.28"]

1. e4 d5 2. exd5 Nf6 3. Bb5+ Bd7 4. Be2 Nxd5 5. d4 e6 6. a3 c5 7. c4 Nc7 8. d5
exd5 9. cxd5 Bd6 10. Bf3 O-O 11. Ne2 Re8 12. O-O Bb5 13. Nbc3 Nd7 14. g3 Ne5
15. Bg2 Bxe2 16. Nxe2 Qf6 17. Nc3 Rad8 18. Bf4 Qe7 19. Qc2 Nc4 20. Bxd6 Nxd6
21. Rad1 b6 22. Rd2 h6 23. Re2 Qf8 24. Rfe1 Rxe2 25. Rxe2 Re8 26. Qd2 Rxe2 27.
Qxe2 Qe8 28. Kf1 Qxe2+ 29. Kxe2 Kf8 30. Kd3 Ke7 31. Nd1 1-0

[Event "Benidorm - Aficionados sub-2300 2014"]
[Site "Benidorm ESP"]
[Date "2014.12.01"]
[Round "4.67"]
[White "Ostolazaga Barragan, Eneko"]
[Black "De Reymaeker, Walter"]
[Result "0-1"]
[WhiteElo "1863"]
[BlackElo "1942"]
[PlyCount "46"]
[EventDate "2014.11.28"]
[EventType "swiss"]
[EventRounds "10"]
[EventCountry "ESP"]
[SourceTitle "Ajedrez en Madrid"]
[Source "lmi"]
[SourceDate "2014.11.28"]

1. d4 g6 2. e4 Bg7 3. Nc3 c5 4. Nf3 cxd4 5. Nxd4 Nc6 6. Be3 d6 7. Bc4 Nf6 8.
Bb3 Bd7 9. h3 a6 10. g4 Rc8 11. Qd2 Na5 12. O-O-O Nc4 13. Bxc4 Rxc4 14. f4 Qa5
15. Nb3 Qc7 16. e5 dxe5 17. fxe5 Qxe5 18. g5 Nd5 19. Qxd5 Qxe3+ 20. Kb1 Qe6 21.
Qd3 Bxc3 22. bxc3 Rc7 23. Rhe1 Qc6 0-1

[Event "Benidorm - Aficionados sub-2300 2014"]
[Site "Benidorm ESP"]
[Date "2014.12.02"]
[Round "5.1"]
[White "Olhovik, Andrei"]
[Black "Sanchez Jerez, Emilio Miguel"]
[Result "1/2-1/2"]
[WhiteElo "2270"]
[BlackElo "2258"]
[PlyCount "148"]
[EventDate "2014.11.28"]
[EventType "swiss"]
[EventRounds "10"]
[EventCountry "ESP"]
[SourceTitle "Ajedrez en Madrid"]
[Source "lmi"]
[SourceDate "2014.11.28"]

1. d4 Nf6 2. c4 g6 3. Nc3 Bg7 4. e4 d6 5. Be2 O-O 6. Bg5 Na6 7. Qd2 e5 8. d5
Nc5 9. f3 a5 10. g4 c6 11. Nh3 cxd5 12. cxd5 a4 13. Nf2 Bd7 14. Kf1 Qa5 15. Kg2
b5 16. Rac1 Rfc8 17. Nb1 b4 18. Qe3 Bb5 19. Nd2 Bxe2 20. Qxe2 Ne8 21. h4 Nc7
22. Nc4 Qa6 23. Qd2 b3 24. a3 Nb5 25. Bh6 Bh8 26. h5 Nd4 27. Be3 Nd7 28. Bxd4
exd4 29. hxg6 fxg6 30. Qf4 Rxc4 31. Rxh7 Bg7 32. Rch1 Nf8 33. Rxg7+ Kxg7 34. g5
Nh7 35. Rxh7+ Kxh7 36. Qf7+ Kh8 37. Qf6+ Kg8 38. Qxg6+ Kf8 39. Qf6+ Ke8 40. g6
Rc7 41. g7 Rxg7+ 42. Qxg7 Rc8 43. Qg6+ Kd8 44. Qf6+ Kc7 45. Qxd4 Kb8 46. f4 Rc2
47. e5 Qa7 48. Qxa7+ Kxa7 49. Kf3 Kb6 50. Nd3 Kc7 51. Ke4 Kd7 52. Kd4 Ke7 53.
Ke4 Rc4+ 54. Ke3 Kd7 55. Kf3 Rd4 56. Ke3 Rxd5 57. Ke4 Rb5 58. Kd4 Ke6 59. f5+
Kxf5 60. exd6 Ke6 61. Nc5+ Kxd6 62. Nxa4 Kc6 63. Kc4 Rb8 64. Nc5 Rh8 65. Nxb3
Rh4+ 66. Nd4+ Kb6 67. b4 Rg4 68. a4 Rh4 69. Kc3 Rh3+ 70. Kb2 Rh4 71. Nc2 Rh2
72. Kc3 Rh3+ 73. Kc4 Rh4+ 74. Kd3 Rxb4 1/2-1/2

[Event "Benidorm - Aficionados sub-2300 2014"]
[Site "Benidorm ESP"]
[Date "2014.12.02"]
[Round "5.2"]
[White "Kultiyasov, Mikhail"]
[Black "Jordan Martinez, Miguel"]
[Result "1-0"]
[WhiteElo "2228"]
[BlackElo "2236"]
[PlyCount "55"]
[EventDate "2014.11.28"]
[EventType "swiss"]
[EventRounds "10"]
[EventCountry "ESP"]
[SourceTitle "Ajedrez en Madrid"]
[Source "lmi"]
[SourceDate "2014.11.28"]

1. e4 e6 2. d4 d5 3. Nd2 Nf6 4. e5 Nfd7 5. f4 c5 6. c3 Nc6 7. Ndf3 Qb6 8. g3
cxd4 9. cxd4 Bb4+ 10. Kf2 f6 11. Kg2 Be7 12. Bd3 Nf8 13. Ne2 Bd7 14. a3 O-O-O
15. b4 Be8 16. Be3 Bg6 17. Nc3 Bxd3 18. Qxd3 fxe5 19. fxe5 Ng6 20. Rac1 Kd7 21.
Rhf1 Rdf8 22. h4 Re8 23. b5 Nd8 24. Bd2 Nf7 25. Nxd5 exd5 26. Qf5+ Qe6 27. Rc7+
Kxc7 28. Qxe6 1-0

[Event "Benidorm - Aficionados sub-2300 2014"]
[Site "Benidorm ESP"]
[Date "2014.12.02"]
[Round "5.4"]
[White "Mora Menezo, Jesus"]
[Black "Montalban Galvez, Antoni"]
[Result "1-0"]
[WhiteElo "2181"]
[BlackElo "2192"]
[PlyCount "61"]
[EventDate "2014.11.28"]
[EventType "swiss"]
[EventRounds "10"]
[EventCountry "ESP"]
[SourceTitle "Ajedrez en Madrid"]
[Source "lmi"]
[SourceDate "2014.11.28"]

1. e4 c5 2. Nf3 Nc6 3. d4 cxd4 4. Nxd4 e6 5. Nb5 Nf6 6. N1c3 d6 7. Bf4 e5 8.
Bg5 a6 9. Na3 Be7 10. Nc4 Be6 11. Bxf6 gxf6 12. Ne3 Bf8 13. Qh5 Nd4 14. Bd3 Rc8
15. O-O Rg8 16. Kh1 Rg6 17. Ncd5 Nc6 18. f4 exf4 19. Nxf4 Ne5 20. Nxg6 hxg6 21.
Qh8 Qb6 22. Nd5 Bxd5 23. exd5 f5 24. b3 Rc5 25. Rfe1 Rxd5 26. Bc4 Rd2 27. Qf6
Qc7 28. Rad1 Rxd1 29. Rxd1 Be7 30. Qh8+ Kd7 31. Qxe5 1-0

[Event "Benidorm - Aficionados sub-2300 2014"]
[Site "Benidorm ESP"]
[Date "2014.12.02"]
[Round "5.5"]
[White "Tejedor Fuente, Enrique"]
[Black "Vilanova Corbi, Jorge"]
[Result "1-0"]
[WhiteElo "2288"]
[BlackElo "2153"]
[PlyCount "185"]
[EventDate "2014.11.28"]
[EventType "swiss"]
[EventRounds "10"]
[EventCountry "ESP"]
[SourceTitle "Ajedrez en Madrid"]
[Source "lmi"]
[SourceDate "2014.11.28"]

1. e4 e6 2. d4 d5 3. Nc3 Bb4 4. e5 c5 5. Bd2 Nh6 6. Nce2 Bxd2+ 7. Qxd2 Nc6 8.
f4 cxd4 9. Nf3 Nf5 10. Nexd4 Ncxd4 11. Nxd4 Nxd4 12. Qxd4 Qa5+ 13. Qd2 Qxd2+
14. Kxd2 Bd7 15. h4 h5 16. Rh3 Ke7 17. Rg3 g6 18. Rb3 Bc6 19. a4 Rhc8 20. a5
Rc7 21. Rb4 Rac8 22. Ra3 Rd8 23. Rd4 Rdc8 24. g3 Rd8 25. Bd3 Rdc8 26. Rb4 Rd8
27. Ke3 Rdd7 28. Kd4 Rd8 29. Rc3 Rdc8 30. Rcb3 Rd8 31. Be2 Rdd7 32. Rc3 Kd8 33.
Rd3 Ke7 34. Rc3 Kd8 35. Rc5 Rc8 36. Rb3 Ba4 37. Rbc3 Rxc5 38. Rxc5 Rc7 39. Rxc7
Kxc7 40. b3 Be8 41. Kc5 b6+ 42. axb6+ axb6+ 43. Kb4 Bc6 44. g4 hxg4 45. Bxg4
Be8 46. Be2 Bd7 47. Bf3 Kc6 48. c4 Be8 49. Kc3 Kc7 50. cxd5 exd5 51. Bxd5 Kd8
52. Kd4 Ke7 53. Be4 f6 54. b4 Bf7 55. Bd5 Be8 56. Bg8 Bd7 57. Kd5 fxe5 58. Kxe5
Bg4 59. Bd5 Bd7 60. Be4 Be8 61. Bc2 Bf7 62. Ba4 Bc4 63. Bc6 Bf7 64. Bd5 Be8 65.
Be6 Bb5 66. f5 gxf5 67. Bxf5 Kf7 68. Bg4 Ba4 69. Kd6 Kg6 70. Kc7 Bb3 71. Kxb6
Bc4 72. Kc5 Ba6 73. Kd4 Kf6 74. Ke3 Bb5 75. Be2 Bd7 76. Kf4 Be8 77. Bd3 Bd7 78.
h5 Kg7 79. Kg5 Bc6 80. h6+ Kh8 81. Kf6 Ba4 82. Ke6 Be8 83. Ke7 Ba4 84. Kd6 Kg8
85. Bg6 Kf8 86. Kc5 Bd7 87. Be4 Kg8 88. Bc6 Bc8 89. b5 Kh7 90. Kb6 Be6 91. Kc7
Bc4 92. b6 Ba6 93. Bb5 1-0

[Event "Benidorm - Aficionados sub-2300 2014"]
[Site "Benidorm ESP"]
[Date "2014.12.02"]
[Round "5.6"]
[White "Bosque Ortega, Xavier"]
[Black "Arias Igual, Alejandro"]
[Result "1/2-1/2"]
[WhiteElo "2214"]
[BlackElo "2297"]
[PlyCount "45"]
[EventDate "2014.11.28"]
[EventType "swiss"]
[EventRounds "10"]
[EventCountry "ESP"]
[SourceTitle "Ajedrez en Madrid"]
[Source "lmi"]
[SourceDate "2014.11.28"]

1. d4 d5 2. Bf4 Nf6 3. e3 e6 4. Nf3 c5 5. c3 Nc6 6. Nbd2 Bd6 7. Bg3 O-O 8. Bd3
Qe7 9. Ne5 Bxe5 10. dxe5 Nd7 11. f4 f6 12. Nf3 fxe5 13. fxe5 g5 14. h3 Qg7 15.
O-O Ndxe5 16. Nxe5 Rxf1+ 17. Qxf1 Nxe5 18. Bxh7+ Kh8 19. Bxe5 Qxe5 20. Qf7 Qg7
21. Qh5 Qh6 22. Qf7 Qg7 23. Qh5 1/2-1/2

[Event "Benidorm - Aficionados sub-2300 2014"]
[Site "Benidorm ESP"]
[Date "2014.12.02"]
[Round "5.7"]
[White "Amdouni, Zoubaier"]
[Black "Ayza Leon, David"]
[Result "1-0"]
[WhiteElo "2291"]
[BlackElo "2199"]
[PlyCount "31"]
[EventDate "2014.11.28"]
[EventType "swiss"]
[EventRounds "10"]
[EventCountry "ESP"]
[SourceTitle "Ajedrez en Madrid"]
[Source "lmi"]
[SourceDate "2014.11.28"]

1. e4 d6 2. d4 Nf6 3. Nc3 g6 4. Bg5 Bg7 5. Qd2 a6 6. O-O-O b5 7. f3 b4 8. Nce2
Nbd7 9. e5 Nd5 10. Bh6 Bxh6 11. Qxh6 c6 12. Kb1 Qa5 13. exd6 g5 14. Qg7 Rf8 15.
dxe7 Nxe7 16. Nc1 1-0

[Event "Benidorm - Aficionados sub-2300 2014"]
[Site "Benidorm ESP"]
[Date "2014.12.02"]
[Round "5.8"]
[White "Longa Yauca, Javier"]
[Black "Serra Pages, Jordi"]
[Result "0-1"]
[WhiteElo "2284"]
[BlackElo "2182"]
[PlyCount "110"]
[EventDate "2014.11.28"]
[EventType "swiss"]
[EventRounds "10"]
[EventCountry "ESP"]
[SourceTitle "Ajedrez en Madrid"]
[Source "lmi"]
[SourceDate "2014.11.28"]

1. d4 Nf6 2. c4 g6 3. Nc3 d5 4. Bg5 Ne4 5. Bh4 Nxc3 6. bxc3 Bg7 7. e3 c5 8. Nf3
Nc6 9. Rb1 O-O 10. Be2 b6 11. O-O cxd4 12. cxd4 dxc4 13. Bxc4 Na5 14. Be2 Bb7
15. Qd2 Qd7 16. Qb4 e6 17. Rfd1 Rfc8 18. Ne5 Qc7 19. f4 Qc3 20. Qxc3 Rxc3 21.
Bd3 Ra3 22. Rb2 Bd5 23. e4 Rxa2 24. exd5 Rxb2 25. d6 f6 26. d7 Rd8 27. Rc1 Kf8
28. Rc7 Rb4 29. Rxa7 Rxd4 30. Bb5 Rxf4 31. Nf3 Rb4 32. Ba6 Ke7 33. Bc8 Nc6 34.
Rb7 Na5 35. Ra7 Nc6 36. Rb7 Kd6 37. Be1 Rb1 38. Kf2 e5 39. Bd2 Bf8 40. Ke2 Kd5
41. Be3 Bc5 42. Nd2 Rb2 43. Bxc5 Kxc5 44. Ke3 f5 45. g3 Na5 46. Rc7+ Kd6 47.
Ra7 Rb4 48. Kd3 Rd4+ 49. Kc3 Kc6 50. h4 Rg4 51. Nf1 f4 52. gxf4 exf4 53. Kd4
Rxh4 54. Ke4 Nb3 55. Ke5 Nc5 0-1

[Event "Benidorm - Aficionados sub-2300 2014"]
[Site "Benidorm ESP"]
[Date "2014.12.02"]
[Round "5.9"]
[White "Madina Yadarola, Martin"]
[Black "Schmidt, Ralf"]
[Result "0-1"]
[WhiteElo "2281"]
[BlackElo "2119"]
[PlyCount "55"]
[EventDate "2014.11.28"]
[EventType "swiss"]
[EventRounds "10"]
[EventCountry "ESP"]
[SourceTitle "Ajedrez en Madrid"]
[Source "lmi"]
[SourceDate "2014.11.28"]

1. e4 e6 2. d4 d5 3. Nc3 Bb4 4. e5 c5 5. a3 Bxc3+ 6. bxc3 Ne7 7. Nf3 Nbc6 8. a4
Qa5 9. Bd2 Bd7 10. Qc1 O-O 11. Qa3 c4 12. Be2 f6 13. O-O Ng6 14. exf6 gxf6 15.
Qd6 Qd8 16. a5 Rf7 17. Qa3 Qc7 18. g3 Re8 19. h4 Kh8 20. Qc5 Rg8 21. Kh2 b6 22.
axb6 axb6 23. Qa3 e5 24. Be3 Bc8 25. dxe5 Qd7 26. e6 Qxe6 27. Rh1 Nf4 28. Bf1
0-1

[Event "Benidorm - Aficionados sub-2300 2014"]
[Site "Benidorm ESP"]
[Date "2014.12.02"]
[Round "5.10"]
[White "Perez Garcia, Alejandro"]
[Black "Torres Sanchez, Jose"]
[Result "1-0"]
[WhiteElo "2163"]
[BlackElo "2277"]
[PlyCount "47"]
[EventDate "2014.11.28"]
[EventType "swiss"]
[EventRounds "10"]
[EventCountry "ESP"]
[SourceTitle "Ajedrez en Madrid"]
[Source "lmi"]
[SourceDate "2014.11.28"]

1. c4 e6 2. Nf3 d5 3. b3 d4 4. Bb2 c5 5. e3 Nc6 6. g3 e5 7. d3 f5 8. Bg2 Nf6 9.
O-O Bd6 10. exd4 cxd4 11. Re1 O-O 12. c5 Bc7 13. b4 a6 14. a4 Nd7 15. b5 axb5
16. axb5 Rxa1 17. Bxa1 Na5 18. Qc2 Bb8 19. c6 bxc6 20. bxc6 Nf6 21. Qa2+ Qd5
22. Qxd5+ Nxd5 23. Nxe5 Nb4 24. Nd7 1-0

[Event "Benidorm - Aficionados sub-2300 2014"]
[Site "Benidorm ESP"]
[Date "2014.12.02"]
[Round "5.11"]
[White "Tetimov, Ivan"]
[Black "Cano Gimenez, Vicente"]
[Result "1-0"]
[WhiteElo "2158"]
[BlackElo "2265"]
[PlyCount "40"]
[EventDate "2014.11.28"]
[EventType "swiss"]
[EventRounds "10"]
[EventCountry "ESP"]
[SourceTitle "Ajedrez en Madrid"]
[Source "lmi"]
[SourceDate "2014.11.28"]

1. d4 g6 2. c4 c5 3. Nf3 cxd4 4. Nxd4 Nc6 5. g3 Bg7 6. Nc2 d6 7. Bg2 Be6 8. Ne3
Nf6 9. Nc3 Qc8 10. Ned5 h6 11. O-O h5 12. Bf4 Nh7 13. Be3 h4 14. c5 hxg3 15.
fxg3 dxc5 16. Bxc5 Nf6 17. Nxf6+ Bxf6 18. Rxf6 Ne5 19. Ne4 Bf5 20. Nd6+ exd6
1-0

[Event "Benidorm - Aficionados sub-2300 2014"]
[Site "Benidorm ESP"]
[Date "2014.12.02"]
[Round "5.13"]
[White "Machlik, Endre"]
[Black "Platel, Alexandre"]
[Result "0-1"]
[WhiteElo "1967"]
[BlackElo "2219"]
[PlyCount "43"]
[EventDate "2014.11.28"]
[EventType "swiss"]
[EventRounds "10"]
[EventCountry "ESP"]
[SourceTitle "Ajedrez en Madrid"]
[Source "lmi"]
[SourceDate "2014.11.28"]

1. d4 Nf6 2. c4 g6 3. Nc3 d5 4. cxd5 Nxd5 5. Na4 Nf6 6. Nf3 Bg7 7. e3 O-O 8.
Bd3 Nc6 9. O-O Qd6 10. b3 e5 11. dxe5 Nxe5 12. Nxe5 Qxe5 13. Bb2 Qg5 14. Qf3
Bd7 15. Nc3 Bc6 16. Qg3 Qa5 17. Rac1 Rad8 18. Bb1 Rd2 19. Nd1 Nh5 20. Qh4 Bxb2
21. Nxb2 Rxb2 22. Rcd1 0-1

[Event "Benidorm - Aficionados sub-2300 2014"]
[Site "Benidorm ESP"]
[Date "2014.12.02"]
[Round "5.14"]
[White "Cappon, John"]
[Black "Lakunza Oyarbide, Juan Carlos"]
[Result "1-0"]
[WhiteElo "2216"]
[BlackElo "2059"]
[PlyCount "45"]
[EventDate "2014.11.28"]
[EventType "swiss"]
[EventRounds "10"]
[EventCountry "ESP"]
[SourceTitle "Ajedrez en Madrid"]
[Source "lmi"]
[SourceDate "2014.11.28"]

1. e4 e5 2. Nc3 Nf6 3. Bc4 Nxe4 4. Qh5 Nd6 5. Bb3 Be7 6. Nf3 g6 7. Qxe5 O-O 8.
Nd5 Re8 9. O-O Nc6 10. Qf4 Rf8 11. Re1 Nf5 12. Qxc7 Qxc7 13. Nxc7 Rb8 14. c3
Kg7 15. d4 d6 16. Bf4 Rd8 17. d5 Na5 18. g4 Nh4 19. Nxh4 Bxh4 20. Ne8+ Kf8 21.
g5 h6 22. Bxd6+ Rxd6 23. Nxd6 1-0

[Event "Benidorm - Aficionados sub-2300 2014"]
[Site "Benidorm ESP"]
[Date "2014.12.02"]
[Round "5.22"]
[White "Lacrosse, Marc"]
[Black "Lopez Rivera, Jesus"]
[Result "1/2-1/2"]
[WhiteElo "2177"]
[BlackElo "2027"]
[PlyCount "61"]
[EventDate "2014.11.28"]
[EventType "swiss"]
[EventRounds "10"]
[EventCountry "ESP"]
[SourceTitle "Ajedrez en Madrid"]
[Source "lmi"]
[SourceDate "2014.11.28"]

1. d4 d6 2. Nf3 g6 3. c4 Bg7 4. e4 e5 5. Be3 Nc6 6. Be2 f5 7. exf5 Bxf5 8. Nc3
exd4 9. Nxd4 Nxd4 10. Bxd4 Bxd4 11. Qxd4 Qf6 12. Qd2 O-O-O 13. O-O Ne7 14. Bf3
g5 15. Rfe1 g4 16. Be4 Bd7 17. Re2 Bc6 18. Rae1 Ng6 19. Nd5 Qh4 20. b4 Bxd5 21.
Qxd5 c6 22. Qf5+ Kb8 23. g3 Qh6 24. c5 Rhf8 25. Qe6 d5 26. Bxg6 Qxg6 27. Qxg6
hxg6 28. Re7 d4 29. Rg7 d3 30. Ree7 d2 31. Rxb7+ 1/2-1/2

[Event "Benidorm - Aficionados sub-2300 2014"]
[Site "Benidorm ESP"]
[Date "2014.12.02"]
[Round "5.23"]
[White "Tocco, Paolo"]
[Black "Acero Solis, Alberto"]
[Result "1-0"]
[WhiteElo "2141"]
[BlackElo "1990"]
[PlyCount "51"]
[EventDate "2014.11.28"]
[EventType "swiss"]
[EventRounds "10"]
[EventCountry "ESP"]
[SourceTitle "Ajedrez en Madrid"]
[Source "lmi"]
[SourceDate "2014.11.28"]

1. d4 f5 2. Nc3 d5 3. e4 dxe4 4. f3 Nf6 5. Bg5 e3 6. Bxe3 e6 7. Bc4 Nc6 8. Nh3
Nd5 9. Bxd5 exd5 10. O-O Ne7 11. Re1 c6 12. Bf2 h6 13. f4 Kf7 14. Bh4 Qd6 15.
Re3 Bd7 16. Qe2 Ng8 17. Re1 Nf6 18. Bxf6 Qxf6 19. Nd1 Qxd4 20. Ndf2 Qf6 21. Nd3
Kg8 22. Kf2 Kh7 23. Ne5 Re8 24. Ng5+ hxg5 25. fxg5 Qxg5 26. Rh3+ 1-0

[Event "Benidorm - Aficionados sub-2300 2014"]
[Site "Benidorm ESP"]
[Date "2014.12.02"]
[Round "5.24"]
[White "Arias Castanedo, Jacinto"]
[Black "Acebal Muniz, Antonio"]
[Result "0-1"]
[WhiteElo "1851"]
[BlackElo "2127"]
[PlyCount "39"]
[EventDate "2014.11.28"]
[EventType "swiss"]
[EventRounds "10"]
[EventCountry "ESP"]
[SourceTitle "Ajedrez en Madrid"]
[Source "lmi"]
[SourceDate "2014.11.28"]

1. d4 d5 2. Nf3 c5 3. e3 Nc6 4. c3 e6 5. Nbd2 Nf6 6. Bd3 Bd6 7. O-O e5 8. dxe5
Nxe5 9. Nxe5 Bxe5 10. e4 O-O 11. f4 Bc7 12. e5 Ng4 13. Nf3 f6 14. h3 fxe5 15.
Bxh7+ Kxh7 16. hxg4 exf4 17. Qd3+ g6 18. c4 dxc4 19. Qxc4 Bxg4 20. Qxc5 0-1

[Event "Benidorm - Aficionados sub-2300 2014"]
[Site "Benidorm ESP"]
[Date "2014.12.02"]
[Round "5.28"]
[White "Parligras, Cosmin"]
[Black "Garcia Gata, Jorge D"]
[Result "1/2-1/2"]
[WhiteElo "2239"]
[BlackElo "2046"]
[PlyCount "75"]
[EventDate "2014.11.28"]
[EventType "swiss"]
[EventRounds "10"]
[EventCountry "ESP"]
[SourceTitle "Ajedrez en Madrid"]
[Source "lmi"]
[SourceDate "2014.11.28"]

1. d4 Nf6 2. Nf3 c5 3. c3 g6 4. g3 Bg7 5. Bg2 O-O 6. O-O cxd4 7. cxd4 d6 8. Nc3
Nc6 9. d5 Nb8 10. Be3 Nbd7 11. Rc1 Ng4 12. Bd4 Nde5 13. Ne1 Bh6 14. Rc2 f5 15.
f4 Nd7 16. e4 Bg7 17. Bxg7 Kxg7 18. Qd4+ Kg8 19. h3 Nh6 20. e5 Qb6 21. Qxb6
Nxb6 22. e6 Rb8 23. Nd3 Kg7 24. b3 Ng8 25. a4 Nf6 26. a5 Na8 27. Nb4 Nc7 28.
Rfc1 Na6 29. Nca2 Nc5 30. Rc3 Nfe4 31. Bxe4 Nxe4 32. Rc7 Kf6 33. Kg2 Nc5 34.
Rc3 h6 35. Nc1 Na6 36. R7c4 Nxb4 37. Rxb4 b6 38. axb6 1/2-1/2

[Event "Benidorm - Aficionados sub-2300 2014"]
[Site "Benidorm ESP"]
[Date "2014.12.02"]
[Round "5.30"]
[White "Galiana Fernandez, Adrian"]
[Black "Laliena Solanes, Luis"]
[Result "1-0"]
[WhiteElo "2048"]
[BlackElo "2204"]
[PlyCount "63"]
[EventDate "2014.11.28"]
[EventType "swiss"]
[EventRounds "10"]
[EventCountry "ESP"]
[SourceTitle "Ajedrez en Madrid"]
[Source "lmi"]
[SourceDate "2014.11.28"]

1. e4 c5 2. Nf3 e6 3. d4 cxd4 4. Nxd4 Nc6 5. Nb5 d6 6. Bf4 e5 7. Be3 Be6 8. c4
Nf6 9. N1c3 a6 10. Na3 Be7 11. Be2 O-O 12. O-O Nd7 13. Nc2 Rc8 14. b3 Kh8 15.
Qd2 f5 16. exf5 Bxf5 17. Bd3 Qe8 18. Bxf5 Rxf5 19. Ne4 Qg6 20. Rad1 Rd8 21. Nb4
Nc5 22. Nxc6 Nxe4 23. Nxe7 Qe6 24. Qc2 Qxe7 25. Qxe4 Rdf8 26. f4 Qh4 27. g3 Qg4
28. Rxd6 h5 29. Qf3 Qh3 30. Qg2 Qxg2+ 31. Kxg2 exf4 32. Rxf4 1-0

[Event "Benidorm - Aficionados sub-2300 2014"]
[Site "Benidorm ESP"]
[Date "2014.12.02"]
[Round "5.35"]
[White "Ridameya Tatche, Jose Miguel"]
[Black "Goormachtigh, Johan"]
[Result "1/2-1/2"]
[WhiteElo "2012"]
[BlackElo "2152"]
[PlyCount "43"]
[EventDate "2014.11.28"]
[EventType "swiss"]
[EventRounds "10"]
[EventCountry "ESP"]
[SourceTitle "Ajedrez en Madrid"]
[Source "lmi"]
[SourceDate "2014.11.28"]

1. e4 c5 2. Nf3 e6 3. b4 cxb4 4. d4 Nf6 5. Bd3 d5 6. e5 Ne4 7. Qe2 Nc6 8. Bxe4
dxe4 9. Qxe4 Qd5 10. Qd3 b6 11. O-O Bb7 12. c4 bxc3 13. Nxc3 Qd7 14. g3 Be7 15.
Rd1 Na5 16. Bg5 O-O 17. Bxe7 Qxe7 18. Ne4 h6 19. Nd6 Bd5 20. Nd2 Nb7 21. Nxb7
Qxb7 22. Rac1 1/2-1/2

[Event "Benidorm - Aficionados sub-2300 2014"]
[Site "Benidorm ESP"]
[Date "2014.12.02"]
[Round "5.40"]
[White "Lamas Mercadal, Manuel"]
[Black "Abul, Qasem"]
[Result "1-0"]
[WhiteElo "2132"]
[BlackElo "1968"]
[PlyCount "35"]
[EventDate "2014.11.28"]
[EventType "swiss"]
[EventRounds "10"]
[EventCountry "ESP"]
[SourceTitle "Ajedrez en Madrid"]
[Source "lmi"]
[SourceDate "2014.11.28"]

1. e4 g6 2. d4 Bg7 3. Nc3 d6 4. f4 c5 5. dxc5 Qa5 6. cxd6 Bxc3+ 7. bxc3 Qxc3+
8. Bd2 Qd4 9. Bd3 exd6 10. Nf3 Qc5 11. Rb1 a6 12. Qe2 Nh6 13. h3 O-O 14. f5 g5
15. Bxg5 Kg7 16. f6+ Kg6 17. Qd2 Ng8 18. Nh4+ 1-0

[Event "Benidorm - Aficionados sub-2300 2014"]
[Site "Benidorm ESP"]
[Date "2014.12.02"]
[Round "5.43"]
[White "Varga, Mariano"]
[Black "Garcia Martin, Marta"]
[Result "1/2-1/2"]
[WhiteElo "2083"]
[BlackElo "1913"]
[PlyCount "56"]
[EventDate "2014.11.28"]
[EventType "swiss"]
[EventRounds "10"]
[EventCountry "ESP"]
[SourceTitle "Ajedrez en Madrid"]
[Source "lmi"]
[SourceDate "2014.11.28"]

1. d4 Nf6 2. c4 e6 3. Nc3 Bb4 4. f3 c5 5. d5 b5 6. e4 bxc4 7. dxe6 fxe6 8. Bxc4
d5 9. Bb5+ Bd7 10. Bxd7+ Nbxd7 11. exd5 exd5 12. Kf2 Bxc3 13. bxc3 O-O 14. Ne2
Ne5 15. Re1 Qd7 16. Kg1 Rae8 17. Ng3 c4 18. Be3 Nd3 19. Re2 Re6 20. Bd4 Rfe8
21. Rxe6 Rxe6 22. Qd2 Qf7 23. Qg5 h6 24. Qd2 Ne8 25. Rb1 Nd6 26. Qc2 Qe7 27.
Qd2 a6 28. Kf1 Qe8 1/2-1/2

[Event "Benidorm - Aficionados sub-2300 2014"]
[Site "Benidorm ESP"]
[Date "2014.12.02"]
[Round "5.49"]
[White "Jackson, Oliver A"]
[Black "Miquel Juan, Marcelo"]
[Result "1-0"]
[WhiteElo "2146"]
[BlackElo "1842"]
[PlyCount "37"]
[EventDate "2014.11.28"]
[EventType "swiss"]
[EventRounds "10"]
[EventCountry "ESP"]
[SourceTitle "Ajedrez en Madrid"]
[Source "lmi"]
[SourceDate "2014.11.28"]

1. e4 c5 2. Nc3 e6 3. f4 d5 4. Nf3 dxe4 5. Nxe4 Nc6 6. Bc4 Nh6 7. d3 Be7 8. O-O
Nf5 9. Ne5 Nxe5 10. fxe5 Qd4+ 11. Kh1 Qxe5 12. Bf4 Qd4 13. c3 Qd8 14. g4 Nd6
15. Bxd6 Bxd6 16. Bb5+ Ke7 17. Qf3 Rf8 18. g5 a6 19. Qf6+ 1-0

[Event "Benidorm - Aficionados sub-2300 2014"]
[Site "Benidorm ESP"]
[Date "2014.12.02"]
[Round "5.54"]
[White "Mascarell Canet, Ricardo"]
[Black "Marzouk, Amira"]
[Result "1-0"]
[WhiteElo "1957"]
[BlackElo "1708"]
[PlyCount "51"]
[EventDate "2014.11.28"]
[EventType "swiss"]
[EventRounds "10"]
[EventCountry "ESP"]
[SourceTitle "Ajedrez en Madrid"]
[Source "lmi"]
[SourceDate "2014.11.28"]

1. Nf3 Nf6 2. g3 d5 3. Bg2 Bg4 4. h3 Bxf3 5. Bxf3 e5 6. d3 Nc6 7. Bg2 Be7 8.
Nd2 O-O 9. O-O Re8 10. c3 Qd7 11. Qc2 Rad8 12. b4 a6 13. a3 Bf8 14. Kh2 Nh5 15.
Bb2 f5 16. Nb3 b6 17. c4 Nf6 18. cxd5 Nxd5 19. Rac1 Re6 20. Qc4 Be7 21. Qxa6
Bg5 22. Rcd1 Nd4 23. Bxd4 exd4 24. Nxd4 Nxb4 25. Qc4 b5 26. Qxe6+ 1-0

[Event "Benidorm - Aficionados sub-2300 2014"]
[Site "Benidorm ESP"]
[Date "2014.12.02"]
[Round "5.63"]
[White "Garcia Pastor, Marcelo"]
[Black "Arpa Pardo, Emilio"]
[Result "1/2-1/2"]
[WhiteElo "2067"]
[BlackElo "2017"]
[PlyCount "48"]
[EventDate "2014.11.28"]
[EventType "swiss"]
[EventRounds "10"]
[EventCountry "ESP"]
[SourceTitle "Ajedrez en Madrid"]
[Source "lmi"]
[SourceDate "2014.11.28"]

1. d4 Nf6 2. Nf3 e6 3. e3 b6 4. Bd3 Ba6 5. c4 Bb4+ 6. Nc3 Nc6 7. O-O Bxc3 8.
bxc3 Na5 9. Qe2 O-O 10. e4 d5 11. cxd5 Bxd3 12. Qxd3 exd5 13. e5 Ne4 14. Nd2
Nxd2 15. Bxd2 Nc4 16. Bf4 Qd7 17. Qg3 Qf5 18. Rfe1 Rae8 19. Re2 Re6 20. Rae1
Rg6 21. Qf3 Rg4 22. Qxd5 Qxf4 23. Qxc4 Rxg2+ 24. Kxg2 Qg4+ 1/2-1/2